00304nam a2200109Ia 4500008004100000020001500041100002500056245004900081250001200130260003300142300001900175180305s9999 xx 000 0 und d a9712303152 aKapunan, Rocio Reyes cRocio Reyes KapunanaEducational Psychology/ a4th ed. aManilabRex Book Storec1997 aiii, 164 Pages